Lack of supply should mean higher prices for farmland this year (Record no. 117182)

MARC details
000 -LEADER
fixed length control field 00919cam a2200241 4500
001 - CONTROL NUMBER
control field ABS67775
008 - FIXED-LENGTH DATA ELEMENTS--GENERAL INFORMATION
fixed length control field 040407n2004 000 0 eng u
035 ## - SYSTEM CONTROL NUMBER
System control number (Sirsi) u125785
100 ## - MAIN ENTRY--PERSONAL NAME
Personal name Bailey, I.
245 ## - TITLE STATEMENT
Title Lack of supply should mean higher prices for farmland this year
260 ## - PUBLICATION, DISTRIBUTION, ETC.
Date of publication, distribution, etc. 2004
490 ## - SERIES STATEMENT
Series statement Property Forecast
Volume/sequential designation 7(3) March 2004, 8-9(2)
520 ## - SUMMARY, ETC.
Summary, etc. Considers the outlook for the farmland market, particularly the effect of the mid term review of the Common Agricultural Policy. Looks at analysis by FPDSavills Rural Research on farm transactions in 2003, funding of farm purchases, farmland and prime country house values and the farmland market outlook.
590 ## - LOCAL NOTE (RLIN)
Local note ABS
590 ## - LOCAL NOTE (RLIN)
Local note ABS
650 ## - SUBJECT ADDED ENTRY--TOPICAL TERM
Topical term or geographic name entry element FARMLAND MARKET
650 ## - SUBJECT ADDED ENTRY--TOPICAL TERM
Topical term or geographic name entry element FARM SALES
650 ## - SUBJECT ADDED ENTRY--TOPICAL TERM
Topical term or geographic name entry element COUNTRY HOUSES
650 ## - SUBJECT ADDED ENTRY--TOPICAL TERM
Topical term or geographic name entry element CAP REFORM
650 ## - SUBJECT ADDED ENTRY--TOPICAL TERM
Topical term or geographic name entry element COMMON AGRICULTURAL POLICY
690 ## - LOCAL SUBJECT ADDED ENTRY--TOPICAL TERM (OCLC, RLIN)
Topical term or geographic name as entry element RURAL-MARKET
942 ## - ADDED ENTRY ELEMENTS (KOHA)
Suppress in OPAC 0
Holdings
Withdrawn status Lost status Source of classification or shelving scheme Damaged status Not for loan Home library Current library Shelving location Date acquired Total Checkouts Full call number Barcode Date last seen Copy number Price effective from Koha item type
    Dewey Decimal Classification     London London Journal article 07/04/2004   ABS67775 125785-1001 06/08/2019 1 06/08/2019 Journal article